[Event "Medellin Flores op 30th"]
[Site "Medellin"]
[Date "2023.08.05"]
[Round "5"]
[White "Garces Suaza, Carlos Daniel"]
[Black "Gomez Molina, Gabriel"]
[Result "1/2-1/2"]
[WhiteElo "1519"]
[BlackElo "1250"]
[PlyCount "21"]
[EventDate "2023.08.03"]
[EventType "swiss"]
[EventRounds "9"]
[EventCountry "COL"]
[SourceTitle "EXT 2024"]
[Source "ChessBase"]
[SourceDate "2023.10.10"]
[SourceVersion "1"]
[SourceVersionDate "2023.10.10"]
[SourceQuality "1"]

1. e4 e5 2. Nf3 Nc6 3. Bc4 Bc5 4. c3 Nf6 5. d3 0-0 6. 0-0 d6 7. Bb3 a6 8. Nbd2 Bg4 9. Re1 Qd7 10. Nf1 h6 11. Be3 1/2-1/2

[Event "Medellin Flores op 30th"]
[Site "Medellin"]
[Date "2023.08.04"]
[Round "3"]
[White "Gomez Silva, Maximiliano"]
[Black "Gomez Molina, Gabriel"]
[Result "1/2-1/2"]
[WhiteElo "1296"]
[BlackElo "1250"]
[PlyCount "38"]
[EventDate "2023.08.03"]
[EventType "swiss"]
[EventRounds "9"]
[EventCountry "COL"]
[SourceTitle "EXT 2024"]
[Source "ChessBase"]
[SourceDate "2023.10.10"]
[SourceVersion "1"]
[SourceVersionDate "2023.10.10"]
[SourceQuality "1"]

1. e4 c6 2. d4 d5 3. Nc3 dxe4 4. Nxe4 Nd7 5. Nf3 Ngf6 6. Nxf6+ Nxf6 7. Bc4 Bf5 8. 0-0 e6 9. a4 Qc7 10. Bd2 Bd6 11. Re1 0-0 12. Ne5 Rad8 13. Bf4 Nd5 14. Bxd5 cxd5 15. Bg3 Qxc2 16. Qxc2 Bxc2 17. Rec1 Bb3 18. Rc3 Bxe5 19. Bxe5 Bc4 1/2-1/2